000 00612nam a2200229Ia 4500
003 OSt
005 20221005114756.0
006 a|||||r|||| 00| 0
007 ta
008 221004b |||||||| |||| 00| 0 kan d
024 _a61643
037 _cTextual
040 _aCRL
_cCRL
_bkan
041 _2kan
_akan
082 _aY138:381.2, 33H9
100 _aShiwacharya Balbrahspti Gangadher Au.
_9626507
245 0 _aBautada belku
260 _c1949
650 _aSOCIOLOGY
942 _hY138:381.2, 33H9
_cTEXL
_2cc
999 _c1032369
_d1032369